Diagnostico y tratamiento integral en medicina (Record no. 9169)

MARC details
000 -LEADER
campo de control de longitud fija 00469nam a2200133Ia 4500
008 - DATOS DE LONGITUD FIJA--INFORMACIÓN GENERAL
campo de control de longitud fija 231129s1991||||xx |||||||||||||| ||spa||
040 ## - FUENTE DE CATALOGACIÓN
Lengua de catalogación spa
082 ## - NÚMERO DE LA CLASIFICACIÓN DECIMAL DEWEY
Número de clasificación 616 E56d
100 ## - ENTRADA PRINCIPAL--NOMBRE DE PERSONA
Nombre de persona Encuentro de Egresados - Asociación de Exalumnos Medicina - Odontologí­a "AEXCOLME" (1991 : Santafe de Bogotá)
245 #0 - MENCIÓN DEL TÍTULO
Título Diagnostico y tratamiento integral en medicina
260 ## - PUBLICACIÓN, DISTRIBUCIÓN, ETC.
Fecha de publicación, distribución, etc. 1991
264 ## - PRODUCCIÓN, PUBLICACIÓN, DISTRIBUCIÓN, FABRICACIÓN Y COPYRIGHT
Producción, publicación, distribución, fabricación y copyright Bogotá Colombia : Fundación Escuela Colombiana de Medicina
942 ## - ELEMENTOS DE ENTRADA SECUNDARIOS (KOHA)
Fuente del sistema de clasificación o colocación Clasificación Decimal Dewey
Tipo de ítem Koha
Holdings
Estatus retirado Estado de pérdida Fuente del sistema de clasificación o colocación Estado de daño No para préstamo Biblioteca de origen Biblioteca actual Fecha de adquisición Total de préstamos Total de renovaciones Signatura topográfica completa Código de barras Visto por última vez Fecha del último préstamo Copia número Precio de reemplazo Tipo de ítem Koha
    Clasificación Decimal Dewey     BIBLIOTECA PÚBLICA MUNICIPAL RAMON CORREA MEJIA BIBLIOTECA PÚBLICA MUNICIPAL RAMON CORREA MEJIA 08/04/2019 1 1 616 E56d 42368 08/04/2024 18/03/2024 1 29/11/2023 Libros

Powered by Koha